000 01529cam a22003854a 4500
001 15494817
005 20141119154851.0
007 co ugu||||||||
008 081017s2009 pauaf bf 001 0 eng
010 _a 2008043846
016 7 _a101486880
_2DNLM
020 _a9780781783965 (alk. paper)
020 _a0781783968 (alk. paper)
035 _a(OCoLC)ocn263294940
040 _aDNLM/DLC
_cDLC
_dNLM
_dC#P
_dYDXCP
_dDLC
042 _apcc
050 0 0 _aRS 98
_b.T47 2009
082 0 0 _a615/.1
100 1 _aThompson, Judith E.
245 1 2 _aA practical guide to contemporary pharmacy practice /
_cJudith E. Thompson ; with CD/audiovisuals by Lawrence W. Davidow.
250 _a3rd ed.
260 _aPhiladelphia :
_bWolters Kluwer Health/Lippincott Williams & Wilkins,
_cc2009.
300 _axix, 738 p., 4 pages of plates :
_billustrations (some colored) ;
_c28 cm. +
_e1 CD-ROM (4 3/4 in.)
504 _aIncludes bibliographical references and index.
521 _aPharmacy
650 0 _aPharmacy
_vOutlines, syllabi, etc.
650 0 _aPharmacy
_vHandbooks, manuals, etc.
650 1 2 _aDrug Compounding
_vHandbooks.
650 2 2 _aPharmaceutical Preparations
_xadministration & dosage
_vHandbooks.
650 2 2 _aPharmacy
_xmethods
_vHandbooks.
700 1 _aDavidow, Lawrence W.
906 _a7
_bcbc
_corignew
_d1
_eecip
_f20
_gy-gencatlg
942 _2lcc
_cBK
_kFOR
999 _c276831
_d276831